<?xml version="1.0" encoding="UTF-8"?>
<record
    xmlns:xsi="http://www.w3.org/2001/XMLSchema-instance"
    xsi:schemaLocation="http://www.loc.gov/MARC21/slim http://www.loc.gov/standards/marcxml/schema/MARC21slim.xsd"
    xmlns="http://www.loc.gov/MARC21/slim">

  <leader>00797nam a22002057a 4500</leader>
  <controlfield tag="005">20120301150049.0</controlfield>
  <datafield tag="010" ind1=" " ind2=" ">
    <subfield code="a">B-446502</subfield>
  </datafield>
  <datafield tag="020" ind1=" " ind2=" ">
    <subfield code="a">9780670084494</subfield>
    <subfield code="c">5999.00</subfield>
  </datafield>
  <datafield tag="035" ind1=" " ind2=" ">
    <subfield code="a">B-446502</subfield>
  </datafield>
  <datafield tag="037" ind1=" " ind2=" ">
    <subfield code="b">BPPD/BBB/VEN</subfield>
  </datafield>
  <datafield tag="082" ind1=" " ind2=" ">
    <subfield code="a">779</subfield>
  </datafield>
  <datafield tag="100" ind1=" " ind2=" ">
    <subfield code="a">Dayanita Singh</subfield>
    <subfield code="9">43949</subfield>
  </datafield>
  <datafield tag="245" ind1=" " ind2=" ">
    <subfield code="a">Dayanita Singh /</subfield>
    <subfield code="b">by Dayanita singh</subfield>
  </datafield>
  <datafield tag="260" ind1=" " ind2=" ">
    <subfield code="a">New Delhi</subfield>
    <subfield code="b">Penguin</subfield>
    <subfield code="c">2010</subfield>
  </datafield>
  <datafield tag="270" ind1=" " ind2=" ">
    <subfield code="a">11, Comunitty Centre , Panch sheel park</subfield>
    <subfield code="b">New Delhi</subfield>
    <subfield code="e">110017</subfield>
  </datafield>
  <datafield tag="300" ind1=" " ind2=" ">
    <subfield code="a">231p.</subfield>
    <subfield code="b">B/W picture</subfield>
    <subfield code="c">30cm. (Hb)</subfield>
  </datafield>
  <datafield tag="942" ind1=" " ind2=" ">
    <subfield code="2">ddc</subfield>
    <subfield code="c">EN</subfield>
    <subfield code="m">DAY</subfield>
    <subfield code="h">779</subfield>
  </datafield>
  <datafield tag="999" ind1=" " ind2=" ">
    <subfield code="c">63645</subfield>
    <subfield code="d">63645</subfield>
  </datafield>
  <datafield tag="952" ind1=" " ind2=" ">
    <subfield code="0">0</subfield>
    <subfield code="1">0</subfield>
    <subfield code="4">0</subfield>
    <subfield code="7">1</subfield>
    <subfield code="8">NFIC</subfield>
    <subfield code="a">L</subfield>
    <subfield code="b">L</subfield>
    <subfield code="d">2012-03-19</subfield>
    <subfield code="e">Blue Berry/7045/29.09.2011/06/15.09.2011.09.11.2011</subfield>
    <subfield code="g">5999.00</subfield>
    <subfield code="l">0</subfield>
    <subfield code="o">779 DAY</subfield>
    <subfield code="p">B-446502</subfield>
    <subfield code="r">2012-03-19 00:00:00</subfield>
    <subfield code="t">1000.00</subfield>
    <subfield code="v">5999.00</subfield>
    <subfield code="w">2012-03-19</subfield>
    <subfield code="y">EN</subfield>
  </datafield>
</record>
